Predominant Ethnicity By U.S. State - Statistics

General Stats
  • This quiz has been taken 692 times
  • The average score is 7 of 8
Answer Stats
Ethnicity States % Correct
Mexican Americans California/Arizona/New Mexico/Texas
99%
German Americans Alaska/ Oregon/ Nevada/ Idaho/ Montana/ North Dakota / South Dakota / Wyoming / Colorado / Kansas / Nebraska / Oklahoma / Minnesota / Iowa / Missouri / Wisconsin / Illinois / Indiana / Ohio / Michigan / Pennsylvania / Florida / Washington
96%
African/Black Americans Mississippi/ Louisiana/ Alabama/ Georgia/ South Carolina/ North Carolina/ Virginia/ Delaware/ Maryland
93%
Italian Americans New York/New Jersey/Connecticut/Rhode Island
91%
Japanese Americans Hawaii
81%
English Americans Utah/Maine/Vermont
81%
Irish Americans New Hampshire/Massachusetts
75%
American (People who Identify exclusively as American) Arkansas/Tennessee/Kentucky/West Virginia
57%
No matching quizzes found
Score Distribution
Percent of People with Each Score
Percentile by Number Answered
Your Score History
You have not taken this quiz